[Event "4NCL Division 2c"]
[Site "Hinckley Island ENG"]
[Date "2014.05.05"]
[Round "11.223"]
[White "Lyell, Mark"]
[Black "Churm, Rohan M"]
[Result "1-0"]
[WhiteElo "2228"]
[BlackElo "2175"]
[PlyCount "133"]
[EventDate "2014.05.05"]
[WhiteTeam "Hackney"]
[BlackTeam "Cambridge University 2"]

1. e4 e6 2. d4 d5 3. Nc3 Nf6 4. e5 Nfd7 5. f4 c5 6. Nf3 Nc6 7. Be3 a6 8. Qd2 b5
9. a3 Bb7 10. Bd3 cxd4 11. Nxd4 Bc5 12. Nce2 Qc7 13. O-O O-O 14. b4 Be7 15. Qe1
Rfe8 16. Rf3 Nf8 17. Qf2 f6 18. Nxc6 Bxc6 19. Bd4 f5 20. Nc1 Reb8 21. Nb3 Nd7
22. Rh3 g6 23. Be2 Nb6 24. Bc5 Na4 25. Bxe7 Qxe7 26. Nd4 Bd7 27. Nf3 Nc3 28.
Bd3 Rc8 29. Ng5 h5 30. Qd2 Ne4 31. Bxe4 dxe4 32. Rd1 Ra7 33. Rc3 Rc6 34. Rxc6
Bxc6 35. Qd8+ Kg7 36. Rd6 Bd5 37. Qxe7+ Rxe7 38. Rxa6 Rc7 39. Nxe6+ Bxe6 40.
Rxe6 Rxc2 41. Rb6 e3 42. Kf1 Rf2+ 43. Ke1 g5 44. fxg5 Rxg2 45. Rf6 Rxg5 46. h4
Rg1+ 47. Ke2 Ra1 48. Rxf5 Rxa3 49. e6 Ra6 50. Re5 Kf8 51. Kxe3 Ke7 52. Kd4 Rc6
53. Rxb5 Kxe6 54. Rxh5 Kd7 55. Rd5+ Ke7 56. Rc5 Rh6 57. h5 Kd6 58. b5 Kd7 59.
Kc4 Rf6 60. Kb4 Rf1 61. Ka5 Ra1+ 62. Kb6 Rh1 63. Kb7 Kd6 64. Rc6+ Kd7 65. h6
Kd8 66. Rc8+ Kd7 67. h7 1-0

[Event "4NCL Division 2c"]
[Site "Hinckley Island ENG"]
[Date "2014.05.05"]
[Round "11.224"]
[White "McClement, Andrew"]
[Black "Mackle, Dominic"]
[Result "0-1"]
[WhiteElo "2188"]
[BlackElo "2260"]
[PlyCount "88"]
[EventDate "2014.05.05"]
[WhiteTeam "Cambridge University 2"]
[BlackTeam "Hackney"]

1. Nf3 c5 2. e4 Nc6 3. d4 cxd4 4. Nxd4 Nf6 5. Nc3 e6 6. Ndb5 Bb4 7. a3 Bxc3+ 8.
Nxc3 d5 9. exd5 exd5 10. Bd3 O-O 11. O-O d4 12. Ne4 Bf5 13. Bg5 Bxe4 14. Bxe4
Qd6 15. Bxf6 Qxf6 16. Qd3 g6 17. Rad1 Rad8 18. Rfe1 Rfe8 19. Qb3 Re7 20. Bd5
Red7 21. Bc4 Na5 22. Qb5 Nxc4 23. Qxc4 d3 24. cxd3 Qxb2 25. a4 Qd4 26. Qb3 Rd5
27. Qxb7 Rf5 28. Rf1 Re8 29. Rd2 Qxa4 30. d4 Qa5 31. Rdd1 Re2 32. Qc8+ Kg7 33.
Qc4 Re4 34. Ra1 Qb6 35. Ra6 Qb7 36. Qa2 Rg4 37. f3 Rxf3 38. Rxf3 Qxf3 39. Rxa7
Qd1+ 40. Kf2 Qxd4+ 41. Ke1 Re4+ 42. Kf1 Qd1+ 43. Kf2 Qe1+ 44. Kf3 Qe3# 0-1

[Event "4NCL Division 2c"]
[Site "Hinckley Island ENG"]
[Date "2014.05.05"]
[Round "11.225"]
[White "Ociepka, Adrian"]
[Black "Pickard, Charles"]
[Result "1/2-1/2"]
[WhiteElo "2115"]
[BlackElo "2116"]
[PlyCount "51"]
[EventDate "2014.05.05"]
[WhiteTeam "Hackney"]
[BlackTeam "Cambridge University 2"]

1. e4 c6 2. d4 d5 3. e5 c5 4. dxc5 Nc6 5. Bb5 Qa5+ 6. Nc3 e6 7. Nf3 Bxc5 8. O-O
Bd7 9. Bd2 Qc7 10. Bf4 a6 11. Bd3 Nge7 12. Bg3 Nd4 13. Re1 Bc6 14. Nxd4 Bxd4
15. Qg4 Bxc3 16. bxc3 Ng6 17. h4 h5 18. Qd4 Bb5 19. f3 Rc8 20. Bxg6 fxg6 21.
Re3 Qc4 22. a4 Qxd4 23. cxd4 Bd7 24. Rb3 b5 25. axb5 Bxb5 26. c3 1/2-1/2

[Event "4NCL Division 2c"]
[Site "Hinckley Island ENG"]
[Date "2014.05.05"]
[Round "11.226"]
[White "Somerfield, Adrian P"]
[Black "Walker, Nicholas P"]
[Result "1/2-1/2"]
[WhiteElo "2061"]
[BlackElo "2177"]
[PlyCount "56"]
[EventDate "2014.05.05"]
[WhiteTeam "Cambridge University 2"]
[BlackTeam "Hackney"]

1. e4 d6 2. d4 Nf6 3. Nc3 g6 4. f4 Bg7 5. Nf3 O-O 6. Be3 a6 7. Bd3 b5 8. e5 Ng4
9. Bd2 c5 10. Be4 Ra7 11. dxc5 dxe5 12. h3 Nf6 13. fxe5 Nxe4 14. Nxe4 Qd5 15.
Qe2 Bf5 16. Nc3 Qc4 17. Qxc4 bxc4 18. O-O-O Nd7 19. Be3 Nxe5 20. c6 Raa8 21. c7
Nxf3 22. gxf3 Be5 23. Nd5 Bd6 24. Bb6 a5 25. Rhe1 Be6 26. Re4 Ra6 27. Bf2 Rc6
28. Bh4 Bxd5 1/2-1/2

[Event "4NCL Division 2c"]
[Site "Hinckley Island ENG"]
[Date "2014.05.05"]
[Round "11.227"]
[White "Cenal Gutierrez, Ruben"]
[Black "Beckett, Chris J"]
[Result "1-0"]
[WhiteElo "2228"]
[BlackElo "2121"]
[PlyCount "81"]
[EventDate "2014.05.05"]
[WhiteTeam "Hackney"]
[BlackTeam "Cambridge University 2"]

1. Nf3 Nf6 2. c4 e6 3. d4 Bb4+ 4. Nbd2 d5 5. e3 O-O 6. Qc2 dxc4 7. Bxc4 Nbd7 8.
a3 Bd6 9. O-O e5 10. d5 Qe7 11. e4 Nh5 12. Re1 a6 13. Bf1 b5 14. a4 b4 15. Nc4
a5 16. Nxd6 cxd6 17. Qc7 Ba6 18. Bxa6 Rxa6 19. Bg5 f6 20. Be3 Nf4 21. Bxf4 exf4
22. Nd4 Qd8 23. Qxd8 Rxd8 24. Ne6 Rc8 25. Rac1 Nc5 26. Rc4 g5 27. f3 h6 28.
Rec1 Ra7 29. Kf1 Kf7 30. b3 Ra6 31. Ke2 Ke7 32. Nxc5 dxc5 33. Rxc5 Rxc5 34.
Rxc5 h5 35. Rc7+ Kd6 36. Rf7 Kc5 37. Kd3 Rd6 38. Rf8 Ra6 39. h3 f5 40. Rxf5 Rg6
41. Rf8 1-0

[Event "4NCL Division 2c"]
[Site "Hinckley Island ENG"]
[Date "2014.05.05"]
[Round "11.228"]
[White "Bamber, Elaine"]
[Black "Eames, Robert S"]
[Result "0-1"]
[WhiteElo "2078"]
[BlackElo "2228"]
[PlyCount "96"]
[EventDate "2014.05.05"]
[WhiteTeam "Cambridge University 2"]
[BlackTeam "Hackney"]

1. e4 c5 2. Nf3 d6 3. Bb5+ Bd7 4. Bxd7+ Qxd7 5. O-O Nc6 6. Qe2 Nf6 7. Rd1 g5 8.
e5 dxe5 9. Nxe5 Nd4 10. Qc4 Qd5 11. Qxd5 Nxd5 12. Na3 Bg7 13. Nd3 Rc8 14. c3 c4
15. Ne1 Ne2+ 16. Kf1 Nxc1 17. Raxc1 O-O 18. d4 g4 19. Rc2 f5 20. Re2 Rc6 21.
Nec2 f4 22. Nb4 f3 23. Re4 fxg2+ 24. Kxg2 Nxb4 25. cxb4 c3 26. bxc3 Rxc3 27.
Nb1 Rcf3 28. Rxe7 Rxf2+ 29. Kg1 Rb2 30. Rxb7 Rff2 31. Nc3 Rg2+ 32. Kh1 Rxh2+
33. Kg1 g3 34. Rb8+ Kf7 35. Rb7+ Kg6 36. Rd3 Rhg2+ 37. Kh1 Rbd2 38. Rxd2 Rxd2
39. Nb5 a6 40. Rb6+ Kh5 41. Rb7 Bh6 42. Rxh7 axb5 43. d5 Kg6 44. Re7 Bf4 45.
Re8 Kf5 46. d6 Bxd6 47. Re3 g2+ 48. Kg1 Be5 0-1

[Event "4NCL Division 2c"]
[Site "Hinckley Island ENG"]
[Date "2014.05.05"]
[Round "11.31"]
[White "Cooper, John G"]
[Black "Mayhew, Andrew"]
[Result "1-0"]
[WhiteElo "2327"]
[BlackElo "2102"]
[PlyCount "45"]
[EventDate "2014.05.05"]
[WhiteTeam "South Wales Dragons"]
[BlackTeam "Anglian Avengers 1"]

1. Nf3 d5 2. c4 d4 3. b4 f6 4. e3 e5 5. c5 a5 6. Bb5+ c6 7. Bc4 Nh6 8. O-O Be7
9. d3 Bg4 10. exd4 Bxf3 11. Qxf3 Qxd4 12. Bxh6 gxh6 13. Nd2 axb4 14. Nb3 Qh4
15. d4 exd4 16. Rad1 Nd7 17. Rxd4 Qg5 18. Qe2 Qg7 19. Be6 Nf8 20. Rg4 Ng6 21.
Nd4 Bxc5 22. Bf5+ Be7 23. Ne6 1-0

[Event "4NCL Division 2c"]
[Site "Hinckley Island ENG"]
[Date "2014.05.05"]
[Round "11.32"]
[White "Taylor, Adam C"]
[Black "Zeidler, Sven P"]
[Result "0-1"]
[WhiteElo "2094"]
[BlackElo "2238"]
[PlyCount "148"]
[EventDate "2014.05.05"]
[WhiteTeam "Anglian Avengers 1"]
[BlackTeam "South Wales Dragons"]

1. c4 f5 2. g3 Nf6 3. Bg2 g6 4. Nc3 d6 5. d4 Bg7 6. Nh3 O-O 7. O-O Na6 8. Nf4
c6 9. d5 Bd7 10. Be3 g5 11. Nd3 h6 12. c5 Kh7 13. Qb3 Qc8 14. Qa3 Ng4 15. Bd2
Ne5 16. Nxe5 Bxe5 17. cxd6 Bxd6 18. Qb3 e5 19. dxe6 Bxe6 20. Qc2 Nb4 21. Qb1
Qd7 22. a3 Na6 23. Be3 Bc5 24. Rd1 Qf7 25. b4 Bxe3 26. fxe3 Qf6 27. Rd4 Rad8
28. Qc2 c5 29. Rxd8 Rxd8 30. b5 Nc7 31. Rd1 Rxd1+ 32. Nxd1 b6 33. Qa4 Qa1 34.
Kf2 Nxb5 35. Qxb5 Qxd1 36. g4 Qd7 37. Bc6 Qd6 38. gxf5 Bxf5 39. Bg2 Bg6 40. Qa4
Qf6+ 41. Ke1 Qe7 42. Qc6 Kg7 43. Bd5 h5 44. e4 g4 45. Qa8 Bf7 46. Qc8 Qh4+ 47.
Kd1 Qe7 48. a4 Be8 49. Kd2 Qd7 50. Qb8 Bf7 51. Qe5+ Kg6 52. Ke3 Bxd5 53. exd5
Qf5 54. Qe8+ Qf7 55. Qe4+ Kg7 56. Qe5+ Qf6 57. Qc7+ Kg6 58. Kd2 Qd4+ 59. Ke1
Qxd5 60. Qxa7 Qb3 61. Qa8 Qe6 62. Qa6 Kf6 63. Qa8 Qd6 64. Qg2 Kg5 65. Qe4 Kh4
66. Qg2 Qf4 67. Qc6 Qxh2 68. Qxb6 Qg1+ 69. Kd2 Qd4+ 70. Ke1 Qb4+ 71. Qxb4 cxb4
72. a5 b3 73. Kd2 b2 74. Kc2 b1=Q+ 0-1

[Event "4NCL Division 2c"]
[Site "Hinckley Island ENG"]
[Date "2014.05.05"]
[Round "11.33"]
[White "Redmond, John P"]
[Black "Merry, Alan B"]
[Result "1-0"]
[WhiteElo "2245"]
[BlackElo "2296"]
[PlyCount "91"]
[EventDate "2014.05.05"]
[WhiteTeam "South Wales Dragons"]
[BlackTeam "Anglian Avengers 1"]

1. d4 Nf6 2. Nf3 c5 3. d5 d6 4. c4 h6 5. Nc3 g5 6. e3 Bg7 7. Be2 Nbd7 8. Qc2
Nh7 9. O-O Nhf8 10. Ne1 Ng6 11. Bd2 h5 12. f3 Nde5 13. Rb1 Bd7 14. b3 Qc8 15.
Nd3 Rg8 16. Ne4 Nh4 17. Nxe5 Bxe5 18. Bc3 Bxc3 19. Nxc3 Qc7 20. Bd3 g4 21. f4
g3 22. h3 Qc8 23. f5 e5 24. Ne4 Kf8 25. Nxd6 Qc7 26. Nb5 Bxb5 27. cxb5 Rc8 28.
Qc4 Qd8 29. e4 Qb6 30. Kh1 Qh6 31. Qc1 Qh7 32. Qe3 f6 33. Rbc1 Qe7 34. b4 c4
35. Rxc4 Rxc4 36. Bxc4 Qxb4 37. Qh6+ Ke8 38. Qh7 Rg5 39. Qc7 Rg7 40. Qc8+ Ke7
41. Qxb7+ Kf8 42. Qc8+ Ke7 43. Rd1 Rg8 44. Qxg8 Qxc4 45. d6+ Kd7 46. Qxc4 1-0

[Event "4NCL Division 2c"]
[Site "Hinckley Island ENG"]
[Date "2014.05.05"]
[Round "11.34"]
[White "Gray, Mark S"]
[Black "Morris, Charles F"]
[Result "1-0"]
[WhiteElo "2086"]
[BlackElo "2142"]
[PlyCount "81"]
[EventDate "2014.05.05"]
[WhiteTeam "Anglian Avengers 1"]
[BlackTeam "South Wales Dragons"]

1. e4 e6 2. d4 d5 3. Nd2 Nf6 4. e5 Nfd7 5. Bd3 c5 6. c3 Nc6 7. Ne2 cxd4 8. cxd4
f6 9. exf6 Nxf6 10. O-O Bd6 11. Nf3 Qc7 12. g3 O-O 13. Bf4 Ng4 14. Bxd6 Qxd6
15. Nc3 g6 16. h3 Nh6 17. Re1 Bd7 18. Re3 Nf5 19. Bxf5 Rxf5 20. Nh4 Rh5 21. Kg2
Rf8 22. Qd3 Kg7 23. Rae1 Rf6 24. Nf3 Rhf5 25. g4 Rf4 26. Ne2 Nb4 27. Qb3 Re4
28. Ng3 Rxf3 29. Kxf3 Rxd4 30. Kg2 Rc4 31. R1e2 b5 32. Qd1 Nc6 33. b3 Rf4 34.
Rd2 d4 35. Re4 Rxe4 36. Nxe4 Qd5 37. Qf3 Ne5 38. Qf6+ Kg8 39. f3 Bc6 40. Qe7
Nd7 41. Qxd7 1-0

[Event "4NCL Division 2c"]
[Site "Hinckley Island ENG"]
[Date "2014.05.05"]
[Round "11.35"]
[White "Jameson, David"]
[Black "Player, Edmund C"]
[Result "1/2-1/2"]
[WhiteElo "2101"]
[BlackElo "2246"]
[PlyCount "62"]
[EventDate "2014.05.05"]
[WhiteTeam "South Wales Dragons"]
[BlackTeam "Anglian Avengers 1"]

1. d4 d5 2. c4 dxc4 3. Nf3 Nf6 4. e3 Bg4 5. Bxc4 e6 6. Qb3 Bxf3 7. gxf3 c5 8.
Qxb7 Nbd7 9. Nc3 cxd4 10. exd4 Qc8 11. Qa6 Be7 12. Bf4 Nh5 13. Bg3 Nxg3 14.
hxg3 Qc7 15. Bb5 Rb8 16. Rd1 O-O 17. Bxd7 Qxd7 18. Qd3 h6 19. Rd2 Rfd8 20. O-O
Bf6 21. Rfd1 Rb4 22. d5 Rd4 23. Qe3 Rxd2 24. Rxd2 Bxc3 25. bxc3 exd5 26. Qd4
Qf5 27. Kg2 Rc8 28. Qxa7 Rxc3 29. Qa8+ Kh7 30. Qxd5 Qxd5 31. Rxd5 Ra3 1/2-1/2

[Event "4NCL Division 2c"]
[Site "Hinckley Island ENG"]
[Date "2014.05.05"]
[Round "11.36"]
[White "Spence, David J"]
[Black "James, David J"]
[Result "1/2-1/2"]
[WhiteElo "2220"]
[BlackElo "2169"]
[PlyCount "100"]
[EventDate "2014.05.05"]
[WhiteTeam "Anglian Avengers 1"]
[BlackTeam "South Wales Dragons"]

1. e4 c5 2. c3 d5 3. exd5 Qxd5 4. d4 Nc6 5. Nf3 Bg4 6. dxc5 Qxd1+ 7. Kxd1 e5 8.
b4 a5 9. b5 Nd8 10. Nbd2 Bxc5 11. Kc2 f6 12. Ne4 Be7 13. Be3 Nh6 14. h3 Bf5 15.
Nfd2 Nhf7 16. Bd3 Bg6 17. g4 Ne6 18. a4 O-O 19. h4 Nd6 20. h5 Bf7 21. Nxd6 Bxd6
22. Ne4 Be7 23. Rad1 Rfc8 24. Kb2 Nf4 25. Bxf4 exf4 26. Bc2 Rd8 27. Bb3 Bxb3
28. Kxb3 b6 29. c4 Kf7 30. Rd5 g6 31. hxg6+ Kxg6 32. Rhd1 Rxd5 33. cxd5 f5 34.
gxf5+ Kxf5 35. f3 h5 36. d6 Bd8 37. Rd5+ Kg6 38. Nf2 h4 39. Nh3 Rc8 40. Nxf4+
Kf7 41. Rf5+ Ke8 42. Ne6 Kd7 43. Nxd8 Rxd8 44. Rh5 Rf8 45. Rxh4 Rxf3+ 46. Kc4
Kxd6 47. Rh6+ Kc7 48. Rh7+ Kd6 49. Rh6+ Kc7 50. Rh7+ Kd6 1/2-1/2

[Event "4NCL Division 2c"]
[Site "Hinckley Island ENG"]
[Date "2014.05.05"]
[Round "11.37"]
[White "Roberts, David L"]
[Black "Talsma, Paul A"]
[Result "0-1"]
[WhiteElo "2041"]
[BlackElo "2172"]
[PlyCount "42"]
[EventDate "2014.05.05"]
[WhiteTeam "South Wales Dragons"]
[BlackTeam "Anglian Avengers 1"]

1. e4 e5 2. Nf3 Nc6 3. d4 exd4 4. Nxd4 Nf6 5. Nxc6 bxc6 6. e5 Qe7 7. Qe2 Nd5 8.
c4 Nb6 9. Nc3 a5 10. Qe4 g6 11. f4 Bg7 12. Bd3 Ba6 13. Be3 O-O 14. O-O Qb4 15.
f5 Rfe8 16. e6 dxe6 17. fxg6 fxg6 18. Qf4 Nxc4 19. Bxg6 Nxe3 20. Bf7+ Kh8 21.
Bxe8 Nxf1 0-1

[Event "4NCL Division 2c"]
[Site "Hinckley Island ENG"]
[Date "2014.05.05"]
[Round "11.38"]
[White "Munson, Shaun D"]
[Black "Lochte, Szilvia"]
[Result "1-0"]
[WhiteElo "2163"]
[BlackElo "1902"]
[PlyCount "45"]
[EventDate "2014.05.05"]
[WhiteTeam "Anglian Avengers 1"]
[BlackTeam "South Wales Dragons"]

1. d4 d5 2. Nc3 Nf6 3. Bg5 Nbd7 4. e3 e6 5. Qf3 a6 6. O-O-O c5 7. e4 cxd4 8.
Rxd4 Bc5 9. Rd1 d4 10. Nce2 Qa5 11. Bxf6 Nxf6 12. Kb1 e5 13. h3 Be6 14. Nc1 Bb4
15. Bd3 Nd7 16. Nge2 Nc5 17. Nb3 Qc7 18. Qg3 O-O-O 19. f4 f6 20. a3 Nxd3 21.
cxd3 Bxb3 22. Rc1 Bc5 23. Rxc5 1-0

[Event "4NCL Division 2c"]
[Site "Hinckley Island ENG"]
[Date "2014.05.05"]
[Round "11.41"]
[White "Holland, James P"]
[Black "Beaumont, Chris R"]
[Result "1/2-1/2"]
[WhiteElo "2260"]
[BlackElo "2294"]
[PlyCount "34"]
[EventDate "2014.05.05"]
[WhiteTeam "BCM Dragons (1)"]
[BlackTeam "Bristol 1"]

1. Nf3 g6 2. g3 Bg7 3. Bg2 c5 4. c4 Nc6 5. Nc3 d6 6. a3 Nf6 7. O-O O-O 8. Rb1
a5 9. Ne1 Be6 10. d3 d5 11. cxd5 Nxd5 12. Bd2 Rc8 13. Ne4 b6 14. Ng5 Qd6 15.
Nxe6 Qxe6 16. Nc2 Rfd8 17. Ne3 Nxe3 1/2-1/2

[Event "4NCL Division 2c"]
[Site "Hinckley Island ENG"]
[Date "2014.05.05"]
[Round "11.42"]
[White "Rudd, Jack"]
[Black "Thompson, Ian D"]
[Result "1-0"]
[WhiteElo "2218"]
[BlackElo "2213"]
[PlyCount "67"]
[EventDate "2014.05.05"]
[WhiteTeam "Bristol 1"]
[BlackTeam "BCM Dragons (1)"]

1. e4 e6 2. d4 d5 3. Nd2 Nf6 4. e5 Nfd7 5. f4 c5 6. c3 Nc6 7. Ndf3 Qb6 8. a3
Be7 9. b3 f6 10. Bd3 a5 11. Bb1 cxd4 12. cxd4 a4 13. b4 Qa7 14. Ne2 f5 15. Nc3
Nb6 16. Nb5 Qb8 17. g4 Nc4 18. gxf5 exf5 19. Ra2 Be6 20. Rg2 g6 21. h4 Kd7 22.
Bd3 Nb6 23. h5 Qf8 24. Kf2 Qf7 25. Qg1 Rhg8 26. Ng5 Bxg5 27. Rxg5 Nc4 28. Bxc4
dxc4 29. Nd6 Qe7 30. Qg2 gxh5 31. Rhxh5 h6 32. Rxh6 Rxg5 33. fxg5 Qg7 34. Nxb7
1-0

[Event "4NCL Division 2c"]
[Site "Hinckley Island ENG"]
[Date "2014.05.05"]
[Round "11.43"]
[White "Agafonov, Yuri"]
[Black "Curtis, John E"]
[Result "1-0"]
[WhiteElo "2209"]
[BlackElo "2102"]
[PlyCount "109"]
[EventDate "2014.05.05"]
[WhiteTeam "BCM Dragons (1)"]
[BlackTeam "Bristol 1"]

1. Nf3 d6 2. d4 Nf6 3. c4 Nbd7 4. Nc3 e5 5. e4 Be7 6. Be2 O-O 7. O-O c6 8. a4
a5 9. Qc2 Re8 10. Bg5 Ng4 11. Bd2 Qc7 12. Rad1 Nf8 13. d5 Ng6 14. g3 h6 15. Kg2
Qd7 16. Ng1 c5 17. h3 Nf6 18. Rde1 Nh7 19. Bg4 Qd8 20. Nd1 Bg5 21. Bc3 Bxg4 22.
hxg4 Qd7 23. f3 b6 24. Nh3 Rab8 25. b3 Rb7 26. Rh1 Qc8 27. Ndf2 Bf6 28. Rh2 Ng5
29. Ng1 Nh7 30. Ne2 Bg5 31. Qd3 Rbe7 32. Reh1 Qd7 33. Ng1 Bf6 34. Nd1 Bg5 35.
Nh3 Bc1 36. Qc2 Bg5 37. Kf1 Qc8 38. Qg2 Bc1 39. Nhf2 Bg5 40. Rh5 Qd7 41. Qh2
Qc8 42. Ke2 Ra7 43. Kd3 Qc7 44. Nh3 Qd8 45. Nxg5 Nxg5 46. Qe2 f6 47. Ne3 Ne7
48. Bd2 Kf7 49. Qg2 Ng6 50. Nf5 Ne7 51. Nxh6+ gxh6 52. Rxh6 Nc8 53. f4 exf4 54.
gxf4 Nxe4 55. Rh7+ 1-0

[Event "4NCL Division 2c"]
[Site "Hinckley Island ENG"]
[Date "2014.05.05"]
[Round "11.45"]
[White "Tavares, Shawn P"]
[Black "Dilleigh, Stephen P"]
[Result "1-0"]
[WhiteElo "2126"]
[BlackElo "2136"]
[PlyCount "67"]
[EventDate "2014.05.05"]
[WhiteTeam "BCM Dragons (1)"]
[BlackTeam "Bristol 1"]

1. Nf3 Nf6 2. c4 e6 3. g3 d5 4. b3 Be7 5. Bg2 O-O 6. O-O c5 7. e3 Nc6 8. Bb2 b6
9. Qe2 Bb7 10. Rd1 dxc4 11. bxc4 Qc7 12. d4 cxd4 13. exd4 Na5 14. Nbd2 Rac8 15.
Rac1 Ba6 16. Ne5 Nd7 17. Bf1 Nxe5 18. dxe5 Qc6 19. Ne4 Bb7 20. Bg2 Kh8 21. Rd4
Rfd8 22. Rxd8+ Rxd8 23. Qf3 Kg8 24. Qh5 Qc7 25. Nf6+ gxf6 26. exf6 Bf8 27. Qg4+
Kh8 28. Ba3 Bh6 29. Bxb7 Qxb7 30. Rd1 Rg8 31. Qh5 Bf8 32. Bxf8 Rxf8 33. Qh6 Rg8
34. Rd8 1-0

[Event "4NCL Division 2c"]
[Site "Hinckley Island ENG"]
[Date "2014.05.05"]
[Round "11.46"]
[White "Collier, David O"]
[Black "Purdon, Colin"]
[Result "1/2-1/2"]
[WhiteElo "2050"]
[BlackElo "2148"]
[PlyCount "63"]
[EventDate "2014.05.05"]
[WhiteTeam "Bristol 1"]
[BlackTeam "BCM Dragons (1)"]

1. d4 d5 2. c4 c6 3. Nf3 Nf6 4. e3 e6 5. b3 Nbd7 6. Bd3 Bd6 7. Bb2 O-O 8. O-O
dxc4 9. bxc4 c5 10. Nc3 cxd4 11. exd4 b6 12. a4 Bb7 13. a5 bxa5 14. c5 Be7 15.
Re1 Rb8 16. Bc1 Nd5 17. Bd2 Nb4 18. Be4 Bxe4 19. Nxe4 Qc7 20. Qa4 Rfc8 21. g3
e5 22. Nd6 Bxd6 23. cxd6 Qxd6 24. dxe5 Qd5 25. Red1 Qxf3 26. Qxd7 Nd3 27. Qxa7
Nxe5 28. Bf4 Nc6 29. Qc5 Ra8 30. Rd6 Nb4 31. Qb6 h6 32. Rxa5 1/2-1/2

[Event "4NCL Division 2c"]
[Site "Hinckley Island ENG"]
[Date "2014.05.05"]
[Round "11.47"]
[White "Frostick, Clive A"]
[Black "Slade, Theo"]
[Result "1-0"]
[WhiteElo "2166"]
[BlackElo "1812"]
[PlyCount "105"]
[EventDate "2014.05.05"]
[WhiteTeam "BCM Dragons (1)"]
[BlackTeam "Bristol 1"]

1. e4 e6 2. d4 d5 3. Nd2 Nf6 4. Bd3 c5 5. c3 cxd4 6. cxd4 dxe4 7. Nxe4 Nxe4 8.
Bxe4 Bb4+ 9. Bd2 Bxd2+ 10. Qxd2 Nd7 11. Ne2 Nf6 12. Bf3 O-O 13. Qb4 Nd5 14. Qb3
b6 15. O-O Bb7 16. Rfe1 Qd7 17. Rad1 Rac8 18. Be4 Nf6 19. Bb1 Bd5 20. Qh3 b5
21. Nf4 Qd6 22. Re5 g6 23. Qh4 Kg7 24. g4 Nd7 25. Nxd5 exd5 26. Qe7 Qc6 27. Re3
Rfe8 28. Qg5 Rxe3 29. Qxe3 Qe6 30. Qxe6 fxe6 31. f3 Rc4 32. Kf2 Nb8 33. Ke3 Nc6
34. a3 g5 35. Bd3 Rxd4 36. Rc1 Rc4 37. Bxc4 bxc4 38. f4 gxf4+ 39. Kxf4 Kf6 40.
g5+ Ke7 41. h4 e5+ 42. Kf5 Kd6 43. h5 e4 44. g6 Ne7+ 45. Kf4 h6 46. g7 Ng8 47.
Rg1 Kc5 48. Ke3 Nf6 49. Rg6 d4+ 50. Kf4 c3 51. b4+ Kd5 52. Rxf6 c2 53. g8=B#
1-0

[Event "4NCL Division 2c"]
[Site "Hinckley Island ENG"]
[Date "2014.03.23"]
[Round "8.11"]
[White "Weaving, Richard"]
[Black "Holland, James P"]
[Result "1/2-1/2"]
[WhiteElo "2250"]
[BlackElo "2265"]
[PlyCount "140"]
[EventDate "2014.03.23"]
[WhiteTeam "Warwickshire Select 1"]
[BlackTeam "BCM Dragons (1)"]

1. e4 e5 2. Nf3 Nc6 3. Bb5 Nf6 4. O-O Nxe4 5. d4 Nd6 6. Bxc6 dxc6 7. dxe5 Nf5
8. Qxd8+ Kxd8 9. Nc3 Bd7 10. Rd1 Kc8 11. Ng5 Be8 12. b3 Bb4 13. Bb2 Bxc3 14.
Bxc3 b6 15. Rd3 h6 16. Ne4 Bd7 17. Rad1 Be6 18. Bb2 a5 19. a4 Ne7 20. R3d2 c5
21. c4 Nc6 22. h3 Kb7 23. f4 g6 24. Kf2 Rad8 25. Rxd8 Rxd8 26. Rxd8 Nxd8 27. g4
Nc6 28. Ke3 Ne7 29. Nf6 Kc6 30. Ke4 h5 31. Bc3 hxg4 32. hxg4 Kb7 33. Be1 Bc8
34. Bd2 Nc6 35. Bc3 Ne7 36. Kf3 Be6 37. Ke3 Kb8 38. Kf3 Kb7 39. Nh7 Nc6 40. Ng5
Kc8 41. Ne4 Kd7 42. Nf6+ Kc8 43. Nd5 Bd7 44. Ne3 Ne7 45. Ke4 Bc6+ 46. Nd5 Kd7
47. f5 gxf5+ 48. gxf5 Bb7 49. Bb2 Nc6 50. Ba1 Ne7 51. Bc3 Ba8 52. Be1 Nc6 53.
e6+ fxe6 54. fxe6+ Kc8 55. Bc3 Ne7 56. Bf6 Nxd5 57. cxd5 Bb7 58. Ke5 Ba6 59. d6
cxd6+ 60. Kxd6 Be2 61. Kc6 Bd1 62. e7 Bf3+ 63. Kxb6 Kd7 64. Kxc5 Bd1 65. b4
axb4 66. Kxb4 Bh5 67. Kb5 Kc7 68. Ka6 Kb8 69. Be5+ Ka8 70. Kb6 Be8 1/2-1/2

[Event "4NCL Division 2c"]
[Site "Hinckley Island ENG"]
[Date "2014.03.23"]
[Round "8.12"]
[White "Dos Santos Oliveira, Sancho"]
[Black "Pitcher, John"]
[Result "0-1"]
[WhiteElo "2273"]
[BlackElo "2256"]
[PlyCount "64"]
[EventDate "2014.03.23"]
[WhiteTeam "BCM Dragons (1)"]
[BlackTeam "Warwickshire Select 1"]

1. e4 c5 2. Nf3 e6 3. d4 cxd4 4. Nxd4 Nc6 5. Nc3 Qc7 6. Be3 a6 7. Qd2 Nf6 8.
O-O-O Be7 9. f3 h5 10. Qf2 d6 11. Nb3 b5 12. Bb6 Qb7 13. a3 Rb8 14. Be3 Bd7 15.
Bf4 b4 16. axb4 Qxb4 17. Na2 Qa4 18. Nc3 Qb4 19. Na2 Qa4 20. Kb1 e5 21. Nc3 Qb4
22. Bd2 Qb7 23. Bc1 Nb4 24. Bc4 a5 25. Nd2 a4 26. Nf1 O-O 27. Ne3 Rfc8 28. Qe2
Rc5 29. Ncd5 Nfxd5 30. Nxd5 Be6 31. Ne3 Bxc4 32. Nxc4 Qb5 0-1

[Event "4NCL Division 2c"]
[Site "Hinckley Island ENG"]
[Date "2014.03.23"]
[Round "8.13"]
[White "Thomas, Nicholas"]
[Black "Frostick, Clive A"]
[Result "1/2-1/2"]
[WhiteElo "2302"]
[BlackElo "2172"]
[PlyCount "23"]
[EventDate "2014.03.23"]
[WhiteTeam "Warwickshire Select 1"]
[BlackTeam "BCM Dragons (1)"]

1. e4 c5 2. Nc3 Nc6 3. g3 g6 4. Bg2 Bg7 5. d3 d6 6. Nge2 e5 7. f4 Nge7 8. O-O
O-O 9. Be3 Nd4 10. Qd2 Be6 11. Kh1 Qd7 12. Rf2 1/2-1/2

[Event "4NCL Division 2c"]
[Site "Hinckley Island ENG"]
[Date "2014.03.23"]
[Round "8.14"]
[White "Thompson, Ian D"]
[Black "Mason, Donald J"]
[Result "1/2-1/2"]
[WhiteElo "2208"]
[BlackElo "2206"]
[PlyCount "25"]
[EventDate "2014.03.23"]
[WhiteTeam "BCM Dragons (1)"]
[BlackTeam "Warwickshire Select 1"]

1. c4 c6 2. Nf3 d5 3. e3 Nf6 4. Nc3 e6 5. d4 Nbd7 6. Bd3 dxc4 7. Bxc4 b5 8. Bd3
Bb7 9. e4 b4 10. Na4 c5 11. e5 Nd5 12. dxc5 Nxc5 13. Nxc5 1/2-1/2

[Event "4NCL Division 2c"]
[Site "Hinckley Island ENG"]
[Date "2014.03.23"]
[Round "8.15"]
[White "James, Ann-Marie"]
[Black "Tavares, Shawn P"]
[Result "1-0"]
[WhiteElo "2080"]
[BlackElo "2140"]
[PlyCount "51"]
[EventDate "2014.03.23"]
[WhiteTeam "Warwickshire Select 1"]
[BlackTeam "BCM Dragons (1)"]

1. e4 e6 2. d4 d5 3. Nd2 Nf6 4. Bd3 c5 5. c3 Nc6 6. Ngf3 Qb6 7. exd5 exd5 8.
O-O Be7 9. dxc5 Bxc5 10. Qe2+ Be6 11. Ng5 O-O 12. Nxe6 fxe6 13. b4 Be7 14.
Qxe6+ Kh8 15. b5 Bc5 16. bxc6 Rae8 17. Qh3 Bxf2+ 18. Kh1 Re3 19. Qf5 Be1 20.
Nf3 Bxc3 21. Rb1 Rxf3 22. Qxf3 Qxc6 23. Ba3 Rc8 24. Qh3 Kg8 25. Rxf6 Bxf6 26.
Qxh7+ 1-0

[Event "4NCL Division 2c"]
[Site "Hinckley Island ENG"]
[Date "2014.03.23"]
[Round "8.16"]
[White "Dixit, Kumar"]
[Black "Stepanyan, Henrik"]
[Result "1-0"]
[WhiteElo "2003"]
[BlackElo "2029"]
[PlyCount "51"]
[EventDate "2014.03.23"]
[WhiteTeam "BCM Dragons (1)"]
[BlackTeam "Warwickshire Select 1"]

1. d4 Nf6 2. c4 e5 3. dxe5 Ng4 4. Bf4 Nc6 5. Nf3 Bb4+ 6. Nbd2 Qe7 7. e3 Ngxe5
8. Nxe5 Nxe5 9. Be2 O-O 10. O-O Bxd2 11. Qxd2 d6 12. Rfd1 b6 13. Qd4 Re8 14. b4
Bb7 15. c5 dxc5 16. bxc5 Ng6 17. Bg3 Nf8 18. Bc4 bxc5 19. Qf4 Rec8 20. Rab1 Bc6
21. Bh4 Qe8 22. Qf5 Ne6 23. Rbc1 g6 24. Qf6 Rab8 25. Bg3 Kf8 26. Be5 1-0